000 00697nam a22002417a 4500
003 UA-OsUOA
001 86000
007 ta
008 20120726b un ||||| |||| 00| 0 ukr d
090 _a330.101.54(075.8)
_bМ71
942 _cBK
040 _aUA-OsUOA
_bukr
_cUA-OsUOA
_dUA-OsUOA
245 _aМікроекономіка
_bпрактикум: навч. посіб.
_cза ред. В.Д. Базилевича
300 _a491 с.
955 _a2
041 _aukr
080 _a330.101.54(075.8)
020 _a978-966-346-854-9
260 _aК.
_bЗнання
_c2012
250 _n3-тє вид., стер.
650 7 _a330 Економіка взагалі
_2UDC
999 _c372302
_d372302